| 000 | 00725nam a2200217Ia 4500 | ||
|---|---|---|---|
| 001 | 3259 | ||
| 003 | GE_BSU | ||
| 008 | 181216s||||||||xx |||||||||||||| ||und|| | ||
| 040 | _cGE_BSU | ||
| 080 | _a530(035.3) | ||
| 100 | _aЯворский,Б. М. Детлаф, А. А. | ||
| 245 | _aСправочник по физике для инженеров и студентов вузов | ||
| 245 | _cРед. Л.П. Русакова. | ||
| 250 | _aизд. пятое, стереотипное | ||
| 260 | _aМосква | ||
| 260 | _bНаука | ||
| 260 | _c1971 | ||
| 300 | _a939 с. 17 см. | ||
| 653 | _aСправочник по физике для инженеров и студентов вузов | ||
| 942 | _cBK | ||
| 999 |
_c37300 _d37300 |
||